• 首页
  • 本馆介绍
  • 公告通知
  • 最新文献
  • 馆藏检索
  • 电子资源
  • 读者导购
  • 参考咨询
  • 我的图书馆
  • 登录
  • 详细信息显示
  • 放入我的书架
  • 预约/预借图书
  • 作者相关作品
  • 分类相关作品
  • 丛书相关作品
  • 出版社相关作品

书目信息

  • 表格格式
  • 工作单格式
  • 卡片格式
题名:
系统化思维写作进阶方略
    
 
作者: 曾海玲 著
分册:  
出版信息: 西安   陕西师范大学出版总社  2020.12
页数: 272页
开本: 24cm
丛书名:
单 册:
中图分类: G623.242
科图分类:
主题词: 作文课--教学研究--小学
电子资源:
ISBN: 978-7-5695-1668-5
000 00864nam0 2200229 45
001 012001000817
005 20140820092157.0
010    @a978-7-5695-1668-5@dCNY55.00
100    @a20210223d2020 em y0chiy0110 ea
101 0  @achi
102    @aCN@b610000
105    @aa z 000yy
106    @ar
200 1  @a系统化思维写作进阶方略@Axi tong hua si wei xie zuo jin jie fang lve@f曾海玲著
210    @a西安@c陕西师范大学出版总社@d2020.12
215    @a272页@c图@d24cm
330    @a本书设计的写作课程从一年级一直到六年级,一共有12个主题,分别是听记习作、体验习作、看图习作、想象习作、童话习作、观察习作、游戏习作、记事习作、写人习作、描景习作、综合习作、生活习作,每个主题下都有6~8个项目。
606 0  @a作文课@x教学研究@x小学
690    @aG623.242@v5
701  0 @a曾海玲@Azeng hai ling@4著
801    @aCN@bAHXH@c20210922
905    @b1247285-8@dG623.242@e1355@f4
    
    系统化思维写作进阶方略/曾海玲著.-西安:陕西师范大学出版总社,2020.12
    272页:图;24cm
    
    
    ISBN 978-7-5695-1668-5:CNY55.00
    本书设计的写作课程从一年级一直到六年级,一共有12个主题,分别是听记习作、体验习作、看图习作、想象习作、童话习作、观察习作、游戏习作、记事习作、写人习作、描景习作、综合习作、生活习作,每个主题下都有6~8个项目。
●
相关链接 在E读中查询图书 在五车中查询图书 在当当中查询图书 在豆瓣中查询图书


正题名:系统化思维写作进阶方略     索取号:G623.242/1355         预约/预借

序号 登录号 条形码 馆藏地/架位号 状态 备注
1 1247285   212472858   第一样本阅览室/ [索取号:G623.242/1355] 在馆    
2 1247286   212472867   第四借阅区/ [索取号:G623.242/1355] 在馆    
3 1247287   212472876   第四借阅区/ [索取号:G623.242/1355] 在馆    
4 1247288   212472885   第四借阅区/ [索取号:G623.242/1355] 在馆    
唐山师范学院图书馆 欢迎您!
大连网信软件有限公司© 版权所有